000 00533nam a2200205Ia 4500
005 20230328094829.0
008 131103s9999 xx 000 0 und d
020 _cRs.4
040 _aLoreto College
041 _aEnglish
082 _a891.443
_bMUK
100 _aMukhopadhaya, Balai Chand
245 _aPrachhanna mahima
_cBalai Chand Mukhopadhaya
250 _a1st ed.
260 _aCalcutta
_bIndian Associated Pub. Co. Pvt. Ltd.
_c1889
300 _a159p.
650 _aBengali fiction
850 _aLCLIB
942 _cBK
999 _c21595
_d72074